01495nam a2200301 a 4500001000400000003001000004005001700014008004100031020001800072040002500090080002300115090002300138245022300161260003800384300002700422504002500449590004700474650003400521650004400555650003000599700005300629700005400682942001200736952014400748952014400892952014401036999001301180659BR-CuiBMT20231113211200.0231101s2020 mgba 000 0 por d a9786555180435 aBR-CuiBMTcBR-CuiBMT a34:004.738.522007 a34:004.738.5bL52510aLei geral de proteção de dados :bestudos sobre um novo cenário de governança corporativa /cRodrigo Pironti, coordenador ; prefácio Marcelo M. Bertoldi ; [autores, Ana Maria Silveira Sasso Gomes ... et al.]. aBelo Horizonte:bFórum,cc2020. a254 p. ;bil. :c22 cm aInclui bibliografia. 8A biblioteca possui a 1. reimpr. de 2021. aProteção de dadoszBrasil aDireito privadovLegislaçãozBrasil aDireito públicozBrasil1 aCastro, Rodrigo Pironti Aguirre de,d1981-4Org.1 aGomes, Ana Maria Silveira Sasso,4et al.4autores 2udccLV 00102udc4070aBIBTCEMTbBIBTCEMTd2023-11-12l0o34:004.738.5 L525pBIBTCEMT23110482r2023-11-13tEx. 1w2023-11-13yLVz1. reimpr. 2021 00102udc4070aBIBTCEMTbBIBTCEMTd2023-11-13l0o34:004.738.5 L525pBIBTCEMT23110537r2023-11-13tEx. 2w2023-11-13yLVz1. reimpr. 2021 00102udc4070aBIBTCEMTbBIBTCEMTd2023-11-13l0o34:004.738.5 L525pBIBTCEMT23110538r2023-11-13tEx. 3w2023-11-13yLVz1. reimpr. 2021 c659d659